Cheating immune threshold visual secret sharing /
محفوظ في:
| المؤلف الرئيسي: | |
|---|---|
| مؤلفون آخرون: | |
| التنسيق: | مقال |
| اللغة: | English |
| الموضوعات: | |
| الوسوم: |
إضافة وسم
لا توجد وسوم, كن أول من يضع وسما على هذه التسجيلة!
|
| Thư viện lưu trữ: | Thư viện Trường Đại học Đà Lạt |
|---|
| LEADER | 00830nam a2200277 4500 | ||
|---|---|---|---|
| 001 | DLU110129963 | ||
| 005 | ##20111223 | ||
| 040 | # | # | |a DLU |b eng |
| 041 | # | # | |a eng |
| 044 | # | # | |a uk |
| 100 | # | # | |a Prisco, Roberto De. |
| 245 | # | # | |a Cheating immune threshold visual secret sharing / |c Roberto De Prisco, Alfredo De Santis. |
| 653 | # | # | |a Cheating immune schemes |
| 653 | # | # | |a Threshold schemes |
| 653 | # | # | |a Visual cryptography |
| 700 | # | # | |a Santis, Alfredo De. |
| 773 | # | # | |t The Computer Journal |g Vol. 53, no. 9 (November 2010), p. 1485-1496 |
| 920 | # | # | |a Phòng Tạp chí -- Trung tâm Thông tin - Thư viện Trường Đại học Đà Lạt |
| 994 | # | # | |a DLU |
| 900 | # | # | |a True |
| 911 | # | # | |a Trương Bảo Trâm Anh |
| 925 | # | # | |a G |
| 926 | # | # | |a A |
| 927 | # | # | |a BB |
| 980 | # | # | |a Thư viện Trường Đại học Đà Lạt |